Critical security studies and world politics

Αποθηκεύτηκε σε:
Λεπτομέρειες βιβλιογραφικής εγγραφής
Άλλοι συγγραφείς: Booth, Ken (Επιμελητής έκδοσης)
Μορφή: Βιβλίο
Γλώσσα:English
Δημοσίευση: Colorado : Lynne Rienner Publishers, 2005
Σειρά:Critical social studies
Θέματα:
Ετικέτες: Προσθήκη ετικέτας
Δεν υπάρχουν, Καταχωρήστε ετικέτα πρώτοι!

MARC

LEADER 00000cam a2200000 i 4500
001 1/86385
008 050927s2005 eng d
020 |a 1-55587-826-1 
035 |l 10080536 
040 |a GR-MY-UA  |b gre  |e aacr 
041 0 |a eng 
082 0 |a 355.033  |2 (22) 
245 1 0 |a Critical security studies and world politics /  |c edited by Ken Booth 
260 |a Colorado :   |b Lynne Rienner Publishers,   |c 2005 
300 |a ix, 323 σ.;  |c 23 εκ. 
490 1 |a Critical security studies 
504 |a Includes bibliographical references and index 
650 0 0 |a World politics  |y 1989- 
650 0 0 |a Security, International. 
700 1 |a Booth, Ken.  |4 edt 
830 0 |a Critical social studies 
852 |a INST  |b RHODES  |e 20050927  |h 355.033 CRI  |p 005400022298  |q 005400022298  |t BK  |y 0 
901 |a BIBL4-2005-3 
909 |a Ρ  |b 122433 
970 |a ΣΙΔΕΡΗ  |b ΝΕΚΤΑΡΙΑ  |z 2005/09/27